The Ottoman tanbūr : the long-necked lute of Ottoman art music /

Tanbūrs are long-necked lute-like instruments played in the art, Sufi, and folk musical traditions along the Silk Road and beyond. This book provides a detailed study of the history of the tanbūr, its role in Ottoman music, construction and playing technique.

Saved in:

Main Author: Zeeuw, Hans de (Author)

Format: eBook

Language: English

Published: Oxford : Archaeopress Archaeology, 2022.

Subjects:

Online Access: Login to view Source

Tags: Add Tag

No Tags, Be the first to tag this record!

Call Number: MT654.T36

LEADER 01790nam a2200397 i 4500
001 EDZ0002821047
003 StDuBDS
005 20230412183314.0
006 m|||||o||d||||||||
007 cr |||||||||||
008 220621s2022 enka fob 001|0|eng|d
020 |a 9781803271071 (PDF ebook) :  |c No price 
040 |a StDuBDS  |b eng  |c StDuBDS  |e rda  |e pn 
050 4 |a MT654.T36 
082 0 4 |a 787.8209  |2 23 
100 1 |a Zeeuw, Hans de,  |e author. 
245 1 4 |a The Ottoman tanbūr :  |b the long-necked lute of Ottoman art music /  |c Hans de Zeeuw. 
264 1 |a Oxford :  |b Archaeopress Archaeology,  |c 2022. 
300 |a 1 online resource (168 pages) :  |b illustrations 
336 |a text  |2 rdacontent 
336 |a still image  |2 rdacontent 
337 |a computer  |2 rdamedia 
338 |a online resource  |2 rdacarrier 
500 |a Also issued in print: 2022. 
504 |a Includes bibliographical references, discography and index. 
520 8 |a Tanbūrs are long-necked lute-like instruments played in the art, Sufi, and folk musical traditions along the Silk Road and beyond. This book provides a detailed study of the history of the tanbūr, its role in Ottoman music, construction and playing technique. 
521 |a Specialized. 
588 |a Description based on online resource; title from PDF title page (viewed on July 4, 2022). 
650 0 |a Ṭanbūr  |z Turkey  |x History. 
650 0 |a Ṭanbūr  |x Construction  |x History. 
650 0 |a Folk music  |z Turkey  |x History and criticism. 
776 0 8 |i Print version :  |z 9781803271064 
856 4 0 |3 Archaeopress  |u http://library.arce.org:8087/Archaeopress/Products/9781803271064 
942 |2 lcc  |c EBOOK 
952 |0 0  |1 0  |4 0  |6 MT0654 T36  |7 1  |9 46940  |a ARCH  |b ARCH  |d 2023-04-12  |l 0  |o MT654.T36  |r 2023-04-12 00:00:00  |w 2023-04-12  |y EBOOK 
999 |c 52598  |d 52598